|
|
|
|
| LEADER |
00000nam0a2200000 4500 |
| 001 |
295815 |
| 005 |
20231101002521.0 |
| 010 |
|
|
|a 9785896351207
|
| 035 |
|
|
|a (RuTPU)RU\TPU\book\320904
|
| 035 |
|
|
|a RU\TPU\book\177698
|
| 090 |
|
|
|a 295815
|
| 100 |
|
|
|a 20090821d2015 km y0rusy50 ca
|
| 101 |
0 |
|
|a rus
|
| 102 |
|
|
|a RU
|
| 105 |
|
|
|a y z 000zy
|
| 200 |
1 |
|
|a Настольная книга руководителя структурного подразделения (работника) по гражданской обороне и защите от чрезвычайных ситуаций
|a Организация работы структурного подразделения ГОЧС в соответствии с современными требованиями
|f Российская Федерация, Министерство по делам гражданской обороны, чрезвычайным ситуациям и ликвидации последствий стихийных бедствий (МЧС России)
|
| 205 |
|
|
|a 6-е изд., пересм.
|
| 210 |
|
|
|a Москва
|c Изд-во ИРБ
|d 2015
|
| 215 |
|
|
|a 623 с.
|
| 330 |
|
|
|a В книге подробно изложены предназначение, основные задачи, полномочия и порядок функционирования в современных условиях структурных подразделений (работников) ГОЧС федеральных органов исполнительной власти, органов местного самоуправления и организаций. Приводятся нормативные правовые акты, руководящие документы МЧС России, а также методические рекомендации, образцы подлежащих разработке документов и справочные материалы, необходимые структурным подразделениям ГОЧС в их повседневной практической работе, при взаимодействии с должностными лицами органов исполнительной власти и организаций, органами управления ГОЧС. Книга предназначена для руководителей и специалистов в области гражданской обороны, защиты от чрезвычайных ситуаций, пожарной безопасности и безопасности людей на водных объектах. Может быть использована также в качестве пособия в учебном процессе УМЦ и курсов ГО по Примерной программе обучения различных групп населения в области безопасности жизнедеятельности, утвержденной МЧС России 26 марта 2006 г., и при самостоятельной работе над совершенствованием профессиональных знаний.
|
| 606 |
1 |
|
|a Гражданская оборона
|2 stltpush
|3 (RuTPU)RU\TPU\subj\8472
|
| 610 |
1 |
|
|a чрезвычайные ситуации
|
| 610 |
1 |
|
|a ГО
|
| 610 |
1 |
|
|a ГОЧС
|
| 610 |
1 |
|
|a структурные подразделения
|
| 610 |
1 |
|
|a профессиональная подготовка
|
| 610 |
1 |
|
|a квалификационные требования
|
| 610 |
1 |
|
|a Российская Федерация
|
| 610 |
1 |
|
|a федеральные законы
|
| 610 |
1 |
|
|a природные катастрофы
|
| 610 |
1 |
|
|a техногенные катастрофы
|
| 610 |
1 |
|
|a пожары
|
| 610 |
1 |
|
|a пожарная безопасность
|
| 610 |
1 |
|
|a нормативные акты
|
| 610 |
1 |
|
|a положения
|
| 610 |
1 |
|
|a объекты
|
| 610 |
1 |
|
|a государственный надзор
|
| 610 |
1 |
|
|a население
|
| 610 |
1 |
|
|a МЧС
|
| 610 |
1 |
|
|a Россия
|
| 610 |
1 |
|
|a Министерство чрезвычайных ситуаций
|
| 610 |
1 |
|
|a руководство
|
| 610 |
1 |
|
|a контроль
|
| 610 |
1 |
|
|a документы
|
| 610 |
1 |
|
|a аварийно-спасательные службы
|
| 610 |
1 |
|
|a обучение
|
| 610 |
1 |
|
|a личный состав
|
| 686 |
|
|
|a Ц69,6(2)
|v LBC/SL-A
|2 rubbk
|
| 712 |
0 |
1 |
|a Российская Федерация
|b Министерство по делам гражданской обороны, чрезвычайным ситуациям и ликвидации последствий стихийных бедствий (МЧС России)
|c (1994- )
|2 stltpush
|3 (RuTPU)RU\TPU\col\9288
|
| 801 |
|
1 |
|a RU
|b 63413507
|c 20150526
|
| 801 |
|
2 |
|a RU
|b 63413507
|c 20150928
|g RCR
|
| 900 |
|
|
|a Безопасность жизнедеятельности
|
| 900 |
|
|
|a Защита населения и территорий в чрезвычайных ситуациях
|
| 900 |
|
|
|a Защита окружающей среды в чрезвычайной ситуации
|
| 942 |
|
|
|c BK
|
| 959 |
|
|
|a 70/20150508
|d 1
|e 1320,00
|f ЧЗТЛ:1
|